Normal view
MARC view
Entry Personal Name
001 - CONTROL NUMBER
- control field: 46289
003 - CONTROL NUMBER IDENTIFIER
- control field: ARRUPE
005 - DATE AND TIME OF LATEST TRANSACTION
- control field: 20190507095024.0
008 - FIXED-LENGTH DATA ELEMENTS
- fixed length control field: 190507|| aca||aabn | a|a d
040 ## - CATALOGING SOURCE
- Original cataloging agency: ARRUPE
- Transcribing agency: ARRUPE
100 ## - HEADING--PERSONAL NAME
- Personal name: Bruno Bettelheim
670 ## - SOURCE DATA FOUND
- Source citation: Work cat.: (ARRUPE)34387: Bettelheim, Bruno 38557, The children of the dream, 1969